[Event "23rd OIBM 2019"]
[Site "Gmund am Tegernsee"]
[Date "2019.10.26"]
[Round "1.38"]
[White "Gschnitzer, Adrian"]
[Black "Proschmann, Tino"]
[Result "1-0"]
[WhiteElo "2412"]
[BlackElo "2106"]
[Annotator "NA"]
[PlyCount "67"]
[EventDate "2019.10.17"]
[EventType "swiss"]
[EventCountry "GER"]
[SourceTitle "playchess.com"]
[Source "ChessBase"]
[SourceQuality "1"]
[TimeControl "40/5400+30:1800+30"]

1. e4 {[%emt 0:04:54]} c5 {[%emt 0:00:00]} 2. Nf3 {[%emt 0:00:07]} e6 {[%emt 0:00:00]} 3. d4 {[%emt 0:00:06]} cxd4 {[%emt 0:00:09]} 4. Nxd4 {[%emt 0:00:06]} Nc6 {[%emt 0:00:24]} 5. Nc3 {[%emt 0:00:08]} Qc7 {[%emt 0:00:12]} 6. Be3 {[%emt 0:00:13]} a6 {[%emt 0:00:16]} 7. Bd3 {[%emt 0:00:43]} Nf6 {[%emt 0:00:59]} 8. O-O {[%emt 0:00:25]} Nxd4 {[%emt 0:00:23]} 9. Bxd4 {[%emt 0:00:15]} Bc5 {[%emt 0:00:07]} 10. Be2 {[%emt 0:01:44]} d6 {[%emt 0:02:45]} 11. a4 {[%emt 0:05:11]} Bd7 {[%emt 0:05:38]} 12. f4 {[%emt 0:07:37]} Qb6 {[%emt 0:11:42]} 13. Bxc5 {[%emt 0:00:25]} Qxc5+ {[%emt 0:00:21]} 14. Kh1 {[%emt 0:00:19]} Bc6 {[%emt 0:07:38]} 15. Bf3 {[%emt 0:00:30]} O-O {[%emt 0:08:05]} 16. Qe1 {[%emt 0:11:34]} Rad8 {[%emt 0:15:58]} 17. Rd1 {[%emt 0:10:48]} Rfe8 {[%emt 0:18:43]} 18. Rf2 {[%emt 0:05:58]} d5 {[%emt 0:13:04]} 19. Rfd2 {[%emt 0:00:38]} dxe4 {[%emt 0:04:37]} 20. Rxd8 {[%emt 0:07:23]} exf3 {[%emt 0:00:11]} 21. Rxe8+ {[%emt 0:01:01]} Nxe8 {[%emt 0:00:19]} 22. h3 {[%emt 0:00:32]} h6 {[%emt 0:06:03]} 23. Kh2 {[%emt 0:01:26]} fxg2 {[%emt 0:00:37]} 24. Rd3 {[%emt 0:05:22]} Nf6 {[%emt 0:00:51]} 25. Qe3 {[%emt 0:01:59]} Qb4 {[%emt 0:01:31]} 26. Rd8+ {[%emt 0:00:55]} Kh7 {[%emt 0:00:07]} 27. Qd3+ {[%emt 0:00:02]} g6 {[%emt 0:01:10]} 28. Qd4 {[%emt 0:00:07]} Qe7 {[%emt 0:01:29]} 29. b4 {[%emt 0:02:08]} Kg7 {[%emt 0:00:39]} 30. b5 {[%emt 0:00:56]} axb5 {[%emt 0:00:02]} 31. axb5 {[%emt 0:00:04]} Bd5 {[%emt 0:00:17]} 32. Qb6 {[%emt 0:04:29]} Qb4 {[%emt 0:00:24]} 33. Qd6 {[%emt 0:00:42]} Qd4 {[%emt 0:00:13]} 34. Qf8+ {[%emt 0:00:07]} 1-0

[Event "23rd OIBM 2019"]
[Site "Gmund am Tegernsee"]
[Date "2019.10.26"]
[Round "1.39"]
[White "Astengo, Corrado"]
[Black "Manu David Suthandram R"]
[Result "1/2-1/2"]
[WhiteElo "2105"]
[BlackElo "2403"]
[Annotator "NA"]
[PlyCount "59"]
[EventDate "2019.10.17"]
[EventType "swiss"]
[EventCountry "GER"]
[SourceTitle "playchess.com"]
[Source "ChessBase"]
[SourceQuality "1"]
[TimeControl "40/5400+30:1800+30"]

1. e4 {[%emt 0:00:00]} c5 {[%emt 0:00:00]} 2. Nf3 {[%emt 0:00:00]} Nc6 {[%emt 0:00:00]} 3. d4 {[%emt 0:00:00]} cxd4 {[%emt 0:00:04]} 4. Nxd4 {[%emt 0:00:00]} e5 {[%emt 0:00:09]} 5. Nb5 {[%emt 0:00:11]} d6 {[%emt 0:00:08]} 6. N1c3 {[%emt 0:00:53]} a6 {[%emt 0:00:07]} 7. Na3 {[%emt 0:00:07]} Be6 {[%emt 0:00:05]} 8. Nc4 {[%emt 0:01:19]} Nf6 {[%emt 0:00:17]} 9. Bg5 {[%emt 0:01:14]} Nd4 {[%emt 0:00:07]} 10. Bd3 {[%emt 0:02:20]} Be7 {[%emt 0:01:24]} 11. Bxf6 {[%emt 0:02:56]} Bxf6 {[%emt 0:00:14]} 12. Ne3 {[%emt 0:00:13]} Bg5 {[%emt 0:00:37]} 13. Ncd5 {[%emt 0:01:27]} O-O {[%emt 0:02:15]} 14. O-O {[%emt 0:02:56]} Rc8 {[%emt 0:07:46]} 15. c3 {[%emt 0:03:30]} Nc6 {[%emt 0:00:07]} 16. Qe2 {[%emt 0:03:20]} Ne7 {[%emt 0:02:15]} 17. Bc4 {[%emt 0:04:06]} Bxe3 {[%emt 0:04:45]} 18. Nxe3 Qc7 {[%emt 0:05:18]} 19. Bb3 {[%emt 0:05:07]} Qc6 20. Qd3 {[%emt 0:06:50]} Rfd8 {[%emt 0:07:45]} 21. Rad1 {[%emt 0:02:32]} Qb6 {[%emt 0:07:16]} 22. Qc2 a5 {[%emt 0:13:40]} 23. Rd2 {[%emt 0:05:14]} Rc5 {[%emt 0:10:35]} 24. Rfd1 {[%emt 0:01:26]} Qc6 {[%emt 0:02:51]} 25. Nd5 {[%emt 0:00:53]} Bxd5 {[%emt 0:06:14]} 26. Bxd5 {[%emt 0:01:57]} Nxd5 {[%emt 0:02:48]} 27. Rxd5 Rxd5 {[%emt 0:02:55]} 28. Rxd5 {[%emt 0:00:33]} b6 {[%emt 0:00:04]} 29. Qd3 f6 30. Qd1 1/2-1/2

[Event "23rd OIBM 2019"]
[Site "Gmund am Tegernsee"]
[Date "2019.10.26"]
[Round "1.40"]
[White "Miller, Eduard"]
[Black "Hallmann, Norbert"]
[Result "1-0"]
[WhiteElo "2402"]
[BlackElo "2105"]
[Annotator "NA RC"]
[PlyCount "91"]
[EventDate "2019.10.17"]
[EventType "swiss"]
[EventCountry "GER"]
[SourceTitle "playchess.com"]
[Source "ChessBase"]
[SourceQuality "1"]
[TimeControl "40/5400+30:1800+30"]

1. c4 {[%emt 0:01:24]} f5 {[%emt 0:00:00]} 2. Nc3 {[%emt 0:00:06]} Nf6 {[%emt 0:00:00]} 3. d4 {[%emt 0:00:09]} e6 {[%emt 0:00:07]} 4. Nf3 {[%emt 0:02:06]} Be7 {[%emt 0:00:39]} 5. d5 {[%emt 0:04:08]} d6 {[%emt 0:08:18]} 6. dxe6 {[%emt 0:04:43]} Bxe6 {[%emt 0:00:18]} 7. Nd4 {[%emt 0:00:37]} Bd7 {[%emt 0:00:49]} 8. g3 {[%emt 0:00:26]} Nc6 {[%emt 0:01:10]} 9. Bg2 {[%emt 0:00:12]} O-O {[%emt 0:01:03]} 10. O-O {[%emt 0:00:29]} Qe8 {[%emt 0:02:17]} 11. Re1 {[%emt 0:15:15]} Qh5 {[%emt 0:09:19]} 12. Ndb5 {[%emt 0:09:17]} Rac8 {[%emt 0:08:15]} 13. c5 {[%emt 0:05:01]} dxc5 {[%emt 0:08:19]} 14. Nd5 {[%emt 0:05:05]} Nxd5 {[%emt 0:03:35]} 15. Qxd5+ {[%emt 0:09:23]} Qf7 {[%emt 0:00:34]} 16. Nxa7 {[%emt 0:02:24]} Be6 {[%emt 0:14:54]} 17. Nxc6 {[%emt 0:00:19]} Bxd5 {[%emt 0:00:35]} 18. Bxd5 {[%emt 0:00:07]} bxc6 {[%emt 0:00:16]} 19. Bxf7+ {[%emt 0:00:06]} Kxf7 {[%emt 0:00:15]} 20. e4 {[%emt 0:02:54]} fxe4 {[%emt 0:01:57]} 21. Rxe4 {[%emt 0:01:12]} Rb8 {[%emt 0:03:17]} 22. a4 {[%emt 0:08:12]} Rb4 {[%emt 0:07:11]} 23. Rxb4 {[%emt 0:01:03]} cxb4 {[%emt 0:00:06]} 24. b3 {[%emt 0:05:03]} Bf6 {[%emt 0:07:16]} 25. Ra2 {[%emt 0:06:28]} Rd8 {[%emt 0:04:59]} 26. Kg2 {[%emt 0:00:16]} Rd3 {[%emt 0:01:56]} 27. a5 {[%emt 0:00:19]} Bd4 {[%emt 0:02:38]} 28. Rd2 {[%emt 0:05:19]} Rxd2 {[%emt 0:00:19]} 29. Bxd2 {[%emt 0:00:05]} c5 {[%emt 0:08:50]} 30. a6 {[%emt 0:00:09]} c4 {[%emt 0:00:13]} 31. bxc4 {[%emt 0:00:11]} b3 {[%emt 0:00:08]} 32. Bc1 {[%emt 0:00:12]} g6 {[%emt 0:01:48]} 33. Bb2 {[%emt 0:08:52]} Ba7 {[%emt 0:01:29]} 34. f4 {[%emt 0:00:43]} Ke6 {[%emt 0:00:28]} 35. g4 {[%emt 0:00:54]} Kd6 {[%emt 0:01:06]} 36. f5 {[%emt 0:00:17]} gxf5 {[%emt 0:00:34]} 37. gxf5 {[%emt 0:00:04]} Kc6 {[%emt 0:00:49]} 38. f6 {[%emt 0:00:21]} Bc5 {[%emt 0:00:41]} 39. f7 {[%emt 0:00:14]} Bf8 {[%emt 0:01:00]} 40. Bd4 {[%emt 0:01:08]} b2 {[%emt 0:00:31]} 41. Bxb2 {[%emt 0:30:05]} Kb6 {[%emt 0:30:09]} 42. Kf3 {[%emt 0:00:07]} Kxa6 {[%emt 0:00:22]} 43. Ke4 {[%emt 0:00:05]} Kb7 {[%emt 0:00:00]} 44. Kd5 {[%emt 0:00:00]} c6+ {[%emt 0:00:00]} 45. Ke6 {[%emt 0:00:00]} Kc8 {[%emt 0:00:00]} 46. Be5 {[%emt 0:00:00]} 1-0

[Event "23rd OIBM 2019"]
[Site "Gmund am Tegernsee"]
[Date "2019.10.26"]
[Round "1.41"]
[White "Ries, Berthold"]
[Black "Wolf, Vincent"]
[Result "1-0"]
[WhiteElo "1854"]
[BlackElo "1491"]
[Annotator "NA RC"]
[PlyCount "120"]
[EventDate "2019.10.17"]
[EventType "swiss"]
[EventCountry "GER"]
[SourceTitle "playchess.com"]
[Source "ChessBase"]
[SourceQuality "1"]
[TimeControl "40/5400+30:1800+30"]

1. e4 {[%emt 0:00:00]} d6 {[%emt 0:00:00]} 2. d4 {[%emt 0:00:00]} Nf6 {[%emt 0:00:00]} 3. Nc3 {[%emt 0:00:00]} g6 {[%emt 0:00:00]} 4. f4 {[%emt 0:00:00]} Bg7 {[%emt 0:00:05]} 5. Nf3 {[%emt 0:00:11]} O-O {[%emt 0:00:08]} 6. Bd3 {[%emt 0:00:13]} a6 {[%emt 0:01:03]} 7. a4 {[%emt 0:00:55]} Nc6 {[%emt 0:00:08]} 8. O-O {[%emt 0:01:36]} Bg4 {[%emt 0:00:16]} 9. Be3 {[%emt 0:05:26]} Nh5 {[%emt 0:00:42]} 10. Be2 {[%emt 0:03:52]} e5 {[%emt 0:05:36]} 11. fxe5 {[%emt 0:00:43]} dxe5 {[%emt 0:00:16]} 12. d5 {[%emt 0:04:08]} Ne7 {[%emt 0:01:52]} 13. h3 {[%emt 0:10:05]} Bd7 {[%emt 0:01:11]} 14. Nh2 {[%emt 0:14:09]} Ng3 {[%emt 0:01:02]} 15. Rf3 {[%emt 0:01:23]} Nxe2+ {[%emt 0:00:14]} 16. Qxe2 {[%emt 0:00:34]} f5 {[%emt 0:00:55]} 17. Bc5 {[%emt 0:08:26]} b6 {[%emt 0:03:26]} 18. Ba3 {[%emt 0:03:44]} c5 {[%emt 0:00:23]} 19. dxc6 {[%emt 0:00:53]} Bxc6 {[%emt 0:01:22]} 20. Rd3 {[%emt 0:00:57]} Qc7 {[%emt 0:01:02]} 21. Bd6 {[%emt 0:01:21]} Qb7 {[%emt 0:00:19]} 22. Re1 {[%emt 0:04:37]} fxe4 {[%emt 0:02:29]} 23. Nxe4 {[%emt 0:01:16]} Rf4 {[%emt 0:01:21]} 24. Nc3 {[%emt 0:03:28]} Nd5 {[%emt 0:07:13]} 25. Nxd5 {[%emt 0:04:07]} Bxd5 {[%emt 0:00:29]} 26. Bxe5 {[%emt 0:03:53]} Re4 {[%emt 0:00:34]} 27. Re3 {[%emt 0:02:39]} Bxe5 {[%emt 0:08:57]} 28. Rxe4 {[%emt 0:00:30]} Bxe4 {[%emt 0:00:33]} 29. Qxe4 {[%emt 0:00:24]} Qxe4 {[%emt 0:00:23]} 30. Rxe4 {[%emt 0:00:12]} Bxb2 {[%emt 0:00:05]} 31. Rb4 {[%emt 0:00:28]} Ba3 {[%emt 0:01:27]} 32. Rc4 {[%emt 0:01:29]} Bc5+ {[%emt 0:00:23]} 33. Kf1 {[%emt 0:00:12]} Rf8+ {[%emt 0:00:42]} 34. Nf3 {[%emt 0:00:15]} Re8 {[%emt 0:00:56]} 35. a5 {[%emt 0:00:52]} Ra8 {[%emt 0:02:20]} 36. Ne5 {[%emt 0:02:12]} Rf8+ {[%emt 0:00:35]} 37. Nf3 {[%emt 0:00:10]} Rb8 {[%emt 0:00:36]} 38. Ke2 {[%emt 0:01:04]} Ba3 {[%emt 0:03:59]} 39. Ra4 {[%emt 0:02:49]} Bf8 {[%emt 0:00:44]} 40. c4 {[%emt 0:02:28]} Bc5 {[%emt 0:02:29]} 41. axb6 {[%emt 0:36:11]} Rxb6 {[%emt 0:30:38]} 42. Kd3 {[%emt 0:02:29]} Rb2 {[%emt 0:06:28]} 43. Ke4 {[%emt 0:03:18]} Rxg2 {[%emt 0:01:14]} 44. Rxa6 {[%emt 0:00:15]} Rg3 {[%emt 0:01:25]} 45. h4 {[%emt 0:01:40]} Rg4+ {[%emt 0:03:38]} 46. Kd5 {[%emt 0:01:19]} Bf2 {[%emt 0:00:20]} 47. c5 {[%emt 0:00:45]} Rf4 {[%emt 0:01:15]} 48. c6 {[%emt 0:01:46]} Rf8 {[%emt 0:07:30]} 49. c7 {[%emt 0:02:43]} Bg3 {[%emt 0:02:25]} 50. Ne5 {[%emt 0:00:48]} Re8 {[%emt 0:06:36]} 51. Re6 {[%emt 0:00:55]} Ra8 {[%emt 0:00:24]} 52. Rc6 {[%emt 0:00:00]} Rc8 {[%emt 0:00:00]} 53. Ke6 {[%emt 0:00:00]} Bxe5 {[%emt 0:00:00]} 54. Kxe5 {[%emt 0:00:00]} Kg7 {[%emt 0:00:00]} 55. Kd6 {[%emt 0:00:00]} Kh6 {[%emt 0:00:00]} 56. Rc5 {[%emt 0:00:00]} Rf8 {[%emt 0:00:00]} 57. c8=Q {[%emt 0:00:00]} Rxc8 {[%emt 0:00:00]} 58. Rxc8 {[%emt 0:00:00]} Kh5 {[%emt 0:00:00]} 59. Rc4 {[%emt 0:00:00]} h6 {[%emt 0:00:00]} 60. Ke5 {[%emt 0:00:00]} g5 {[%emt 0:00:00]} 1-0

[Event "23rd OIBM 2019"]
[Site "Gmund am Tegernsee"]
[Date "2019.10.26"]
[Round "1.42"]
[White "Walter, Thomas"]
[Black "Piscopo, Pierluigi"]
[Result "1/2-1/2"]
[WhiteElo "2102"]
[BlackElo "2398"]
[Annotator "NA"]
[PlyCount "46"]
[EventDate "2019.10.17"]
[EventType "swiss"]
[EventCountry "GER"]
[SourceTitle "playchess.com"]
[Source "ChessBase"]
[SourceQuality "1"]
[TimeControl "40/5400+30:1800+30"]

1. e4 {[%emt 0:00:00]} c5 {[%emt 0:00:00]} 2. Nf3 {[%emt 0:00:00]} e6 {[%emt 0:00:02]} 3. d4 {[%emt 0:00:11]} cxd4 {[%emt 0:00:08]} 4. Nxd4 {[%emt 0:03:16]} a6 {[%emt 0:00:09]} 5. Qf3 {[%emt 0:00:53]} Bc5 {[%emt 0:11:52]} 6. Nb3 {[%emt 0:02:18]} Be7 {[%emt 0:00:11]} 7. Nc3 {[%emt 0:00:43]} Nc6 {[%emt 0:01:24]} 8. a3 {[%emt 0:00:22]} Nf6 {[%emt 0:11:29]} 9. Bf4 {[%emt 0:00:49]} d6 {[%emt 0:02:07]} 10. h3 {[%emt 0:08:16]} Qc7 {[%emt 0:13:56]} 11. Be2 {[%emt 0:05:19]} Rb8 {[%emt 0:05:30]} 12. Qg3 {[%emt 0:05:41]} b5 {[%emt 0:07:57]} 13. Rd1 {[%emt 0:06:50]} b4 {[%emt 0:05:18]} 14. Bxd6 {[%emt 0:29:04]} Bxd6 {[%emt 0:06:28]} 15. Rxd6 {[%emt 0:00:04]} bxc3 {[%emt 0:13:44]} 16. Rxe6+ {[%emt 0:00:37]} Kd8 {[%emt 0:00:25]} 17. Qxg7 {[%emt 0:10:25]} Ne8 {[%emt 0:06:05]} 18. Qxh8 {[%emt 0:05:05]} Bxe6 {[%emt 0:00:04]} 19. Qxc3 {[%emt 0:01:42]} Ne5 {[%emt 0:01:49]} 20. Qd2+ {[%emt 0:03:22]} Qd6 {[%emt 0:02:07]} 21. Qa5+ {[%emt 0:04:36]} Qc7 {[%emt 0:00:17]} 22. Qd2+ {[%emt 0:03:42]} Qd6 {[%emt 0:00:13]} 23. Qa5+ {[%emt 0:03:52]} Qc7 {[%emt 0:00:26]} 1/2-1/2

[Event "23rd OIBM 2019"]
[Site "Gmund am Tegernsee"]
[Date "2019.10.26"]
[Round "1.43"]
[White "Padmini, Rout"]
[Black "Fauth, Dietmar"]
[Result "1/2-1/2"]
[WhiteElo "2394"]
[BlackElo "2099"]
[Annotator "TA"]
[PlyCount "101"]
[EventDate "2019.10.17"]
[EventType "swiss"]
[EventCountry "GER"]
[SourceTitle "playchess.com"]
[Source "ChessBase"]
[SourceQuality "1"]

{[%evp 15,101,14,17,14,31,18,29,-9,4,-54,32,39,25,19,75,-24,-20,-30,16,-13,-7,-66,-37,-49,-44,-101,-108,-146,-143,-127,-41,-84,-83,-74,-88,-149,-147,-158,-141,-148,-145,-193,-19,-18,-41,-13,-21,-19,-20,-17,0,0,0,0,0,0,0,0,0,0,0,0,253,236,215,0,0,0,0,-14,-14,-14,0,0,0,0,0,0,0,0,0,0,0,0,0,0,0,0]} 1. e4 c5 2. Nf3 Nc6 3. Nc3 d6 4. d4 cxd4 5. Nxd4 e5 6. Nf3 Be7 7. Bc4 h6 8. Be3 Nf6 9. Qe2 {B56: Classical Sicilian: Unusual Lines} Be6 10. O-O-O $146 ({Predecessor:} 10. O-O O-O 11. Rfd1 a6 12. Nd5 b5 13. Nxf6+ Bxf6 14. Bd5 Qc7 15. c4 Bxd5 16. cxd5 Ne7 17. a4 Qd7 18. axb5 axb5 {½-½ (18) Golubovic,B (2462)-Hulak,K (2534) Sibenik 2005}) 10... O-O 11. h3 {White has an edge.} Rc8 12. Bb3 (12. Kb1 $11) 12... Qa5 (12... Bxb3 $15 13. axb3 Qa5) 13. Kb1 $14 Nb4 {And now ...Nxe4! would win.} 14. a3 Na6 15. Nd5 ({Don't go for} 15. Bxa7 $2 Rxc3 16. Qe1 (16. bxc3 $2 Nc7 $19) 16... Ra8 $19) (15. Nh4 $16) 15... Nxd5 $11 16. exd5 Bd7 17. g4 Nc5 $36 {[%mdl 2048] Black is more active.} 18. Bxc5 (18. Ba2 $1 $11) 18... Qxc5 $15 19. Nd2 f5 20. f4 {[#]} (20. gxf5 $1 $15 Bxf5 21. Ne4 Bxe4 22. Qxe4) 20... Bf6 $1 $17 21. gxf5 {White wants to play Ne4.} exf4 22. Ne4 Qc7 (22... Qb6 $17 23. Rdf1 Be5) 23. Rdf1 Bxf5 {Strongly threatening ...Be5.} 24. Rxf4 Be5 25. Rxf5 (25. Rff1 $142) 25... Rxf5 26. c3 Rcf8 27. Bc2 Qf7 {Hoping for ...Rf1+.} 28. Ka2 Rf1 $2 {[#]} (28... Qh5 $19 29. Qe1 Kh8) 29. Nxd6 $1 $11 {[%mdl 512]} Bxd6 30. Rxf1 Qxf1 31. Qe6+ {[%mdl 64] Double Attack} Qf7 32. Qxd6 {[%mdl 4096] Endgame KQR-KQB} Qf6 33. Qc7 Qf7 34. Qg3 g5 35. h4 Kh8 36. c4 gxh4 $1 37. Qxh4 Qf4 38. Qe7 {[%csl Gc2][%cal Re7h7]} Qf7 $2 {[%mdl 8192]} (38... Qxc4+ $11 {and Black has nothing to worry.} 39. Bb3 Qf4) 39. Qe3 $18 Qf4 {[#]} 40. Qxa7 $2 ({White should try} 40. Qd3 $1 $18 {[%csl Gc2][%cal Rd3h7]} Qf7 41. d6) 40... Qxc4+ $11 {[%mdl 64] Double Attack. The position is equal.} 41. Bb3 Qc7 42. Qe3 Qd6 43. Qd4+ Qf6 44. Qe4 Rd8 45. Bc2 {[%csl Gc2][%cal Re4h7]} Qf7 46. Qe5+ Qg7 47. Qe6 Qf8 48. Qe4 {[%csl Gc2][%cal Re4h7]} Qf7 49. Qe5+ Qg7 50. Qe6 Qf8 51. Qe5+ {Accuracy: White = 38%, Black = 63%.} 1/2-1/2

[Event "23rd OIBM 2019"]
[Site "Gmund am Tegernsee"]
[Date "2019.10.26"]
[Round "1.44"]
[White "Fehmer, Dirk"]
[Black "Atakisi, Umut"]
[Result "1/2-1/2"]
[WhiteElo "2099"]
[BlackElo "2393"]
[Annotator "NA"]
[PlyCount "51"]
[EventDate "2019.10.17"]
[EventType "swiss"]
[EventCountry "GER"]
[SourceTitle "playchess.com"]
[Source "ChessBase"]
[SourceQuality "1"]
[TimeControl "40/5400+30:1800+30"]

1. Nf3 {[%emt 0:00:38]} c5 {[%emt 0:00:10]} 2. c4 {[%emt 0:00:37]} Nc6 {[%emt 0:00:05]} 3. g3 {[%emt 0:00:47]} e5 {[%emt 0:00:36]} 4. Nc3 {[%emt 0:00:58]} g6 {[%emt 0:01:15]} 5. Bg2 {[%emt 0:02:00]} Bg7 {[%emt 0:00:05]} 6. Rb1 {[%emt 0:02:38]} Nge7 {[%emt 0:01:17]} 7. O-O {[%emt 0:03:05]} d6 {[%emt 0:00:27]} 8. a3 {[%emt 0:01:34]} a5 {[%emt 0:06:52]} 9. Ne1 {[%emt 0:05:47]} Be6 {[%emt 0:02:54]} 10. d3 {[%emt 0:03:31]} O-O {[%emt 0:11:28]} 11. Nc2 {[%emt 0:02:30]} d5 {[%emt 0:03:50]} 12. cxd5 {[%emt 0:16:32]} Nxd5 {[%emt 0:02:57]} 13. Ne3 {[%emt 0:05:43]} Nde7 {[%emt 0:13:00]} 14. Bd2 {[%emt 0:05:32]} Rb8 {[%emt 0:12:20]} 15. Nb5 {[%emt 0:20:12]} b6 {[%emt 0:29:45]} 16. b4 {[%emt 0:08:32]} axb4 {[%emt 0:00:24]} 17. axb4 {[%emt 0:00:07]} Nxb4 {[%emt 0:01:29]} 18. Bxb4 {[%emt 0:00:07]} cxb4 {[%emt 0:00:04]} 19. Rxb4 {[%emt 0:00:07]} Bh6 {[%emt 0:05:47]} 20. Nc4 {[%emt 0:05:08]} Nd5 {[%emt 0:00:10]} 21. Rb3 {[%emt 0:01:24]} Bg7 {[%emt 0:01:03]} 22. Qb1 {[%emt 0:01:54]} Qd7 {[%emt 0:01:38]} 23. Nba3 {[%emt 0:04:02]} Qa7 {[%emt 0:00:02]} 24. Nb5 {[%emt 0:01:02]} Qd7 {[%emt 0:00:09]} 25. Nba3 {[%emt 0:01:48]} Qa7 {[%emt 0:00:31]} 26. Nb5 {[%emt 0:00:11]} 1/2-1/2

[Event "23rd OIBM 2019"]
[Site "Gmund am Tegernsee"]
[Date "2019.10.27"]
[Round "2.1"]
[White "Singer, Christoph"]
[Black "Eljanov, Pavel"]
[Result "0-1"]
[WhiteElo "2339"]
[BlackElo "2663"]
[Annotator "TA"]
[PlyCount "58"]
[EventDate "2019.10.17"]
[EventType "swiss"]
[EventCountry "GER"]
[SourceTitle "playchess.com"]
[Source "ChessBase"]
[SourceQuality "1"]

{[%evp 11,58,12,12,12,20,20,27,15,18,20,26,12,23,3,15,0,0,0,0,0,8,0,12,-32,-46,-37,-38,-45,-54,-70,-52,-225,-219,-230,-222,-296,-285,-276,-289,-481,-484,-475,-255,-256,-216,-581,-540,-573,-533]} 1. e4 c6 2. d4 d5 3. exd5 cxd5 4. Bd3 Nc6 5. c3 Qc7 6. Ne2 Bg4 7. O-O {B13: Caro-Kann: Exchange Variation and Panov-Botvinnik Attack} e6 8. Qe1 Be7 9. Bf4 {White has an edge.} Qb6 10. Nd2 Nf6 11. Rb1 O-O 12. h3 $146 ({Predecessor:} 12. Ng3 g6 13. f3 Bf5 14. Nxf5 exf5 {0-1 (39) Blomqvist,E (2488)-Andreikin,D (2725) Astana 2019}) 12... Bh5 13. Ng3 (13. Nc1 {looks sharper.} Nd7 14. g4 Bg6 15. Bg3 Na5 16. Qe2) 13... Bg6 14. Bxg6 hxg6 15. Qe2 a5 {[%cal Ba7a5,Ba5a4][%mdl 32]} 16. h4 Qa6 17. Qf3 Nh7 18. Qg4 b5 19. Rfe1 b4 20. Re3 a4 21. a3 $2 ({Better is} 21. Bg5 $15) 21... bxa3 $19 22. bxa3 Bxa3 23. h5 {[#]} f5 $1 {[%cal Rf5g4]} 24. Qf3 ({But not} 24. Qxg6 $2 Rf6 $19) 24... g5 25. Bd6 $2 (25. Ne2 gxf4 26. Rxe6) 25... Bxd6 26. Rxe6 Bxg3 (26... Ne7 $142 27. Rxe7 {[%mdl 64] Remove Defender} Bxe7 28. Nxf5 Kh8) 27. Qxd5 Rad8 28. Qc5 $2 {[#]} (28. Rxc6+ {is more resistant.} Rxd5 29. Rxa6) 28... Qd3 29. fxg3 Nxd4 {Accuracy: White = 45%, Black = 61%.} 0-1

[Event "23rd OIBM 2019"]
[Site "Gmund am Tegernsee"]
[Date "2019.10.27"]
[Round "2.2"]
[White "Demchenko, Anton"]
[Black "Koepke, Christian"]
[Result "1/2-1/2"]
[WhiteElo "2655"]
[BlackElo "2332"]
[Annotator "TA"]
[PlyCount "82"]
[EventDate "2019.10.17"]
[EventType "swiss"]
[EventCountry "GER"]
[SourceTitle "playchess.com"]
[Source "ChessBase"]
[SourceQuality "1"]

{[%evp 9,82,-22,-12,-16,0,-21,0,0,2,0,16,24,34,45,35,-14,14,0,28,33,52,54,47,50,67,51,70,40,57,60,50,37,38,14,22,-18,-20,-16,-18,-45,-38,-66,-43,-50,-43,-66,-93,-80,-90,-83,-83,-98,-108,-108,-118,-110,-110,-134,-142,-233,-233,-243,-227,-323,-337,-323,-277,-270,-263,-252,-251,-236,-174,-172,0]} 1. e4 c6 2. Nf3 d5 3. d3 g6 4. Qe2 Bg7 5. Nbd2 Nf6 6. g3 {B10: Caro-Kann: 2 d3 and 2 c4} O-O 7. e5 $146 ({Predecessor:} 7. Bg2 e5 8. Nxe5 Re8 9. Nef3 dxe4 10. dxe4 Bf5 11. Nh4 Bg4 12. Nhf3 Bf5 13. Nh4 Bg4 14. Nhf3 Bf5 15. Nh4 {½-½ (15) Alekseev,E (2642)-Motylev,A (2649) Berlin 2015}) 7... Ng4 8. h3 {The position is equal.} Nh6 9. Bg2 c5 10. O-O Nc6 11. Nb3 $36 {[%mdl 2048] White is pushing.} b6 12. c4 dxc4 13. dxc4 Qc7 14. Bf4 {[#] And now e6 would win.} Be6 15. g4 Kh8 16. Bg3 Rad8 17. Rae1 a5 18. a4 Nb4 19. Nc1 $1 Qc8 20. b3 Bd7 21. Rd1 Bc6 22. e6 Bxf3 ({But not} 22... Qxe6 $6 23. Qxe6 fxe6 24. Rxd8 $16) 23. Bxf3 fxe6 24. Bg2 Nf7 25. h4 Nc6 26. Bxc6 Qxc6 27. Rde1 e5 28. Na2 {[%cal Bc1a2,Ba2c3,Bc3e4][%mdl 32]} Rd4 29. Nc3 Rfd8 30. Ne4 Rd3 31. Qc2 Qd7 32. f3 h5 33. gxh5 gxh5 34. Re2 (34. Kg2 $17 {is a better defense.}) 34... Qh3 35. Rh2 Qf5 36. Rhf2 (36. Be1 $142) 36... Bh6 $19 37. Kh2 {[#]} Rd2 $1 {[%mdl 512]} 38. Qb1 (38. Nxd2 Qxc2) 38... Rxf2+ 39. Rxf2 Bf4 40. Qe1 Rg8 {...Bxg3+ is the strong threat.} 41. Rg2 Qd7 $2 {Accuracy: White = 60%, Black = 65%.} ({Better is} 41... Nd6 $19 42. Qe2 Bxg3+ 43. Nxg3 Qf4) 1/2-1/2